[Event "Oviedo op 8th"]
[Site "Oviedo"]
[Date "2022.07.18"]
[Round "3"]
[White "Ruiz Abad, Juan Manuel"]
[Black "Rodriguez Garcia, Jose Antonio"]
[Result "0-1"]
[WhiteElo "2173"]
[BlackElo "1855"]
[PlyCount "104"]
[EventDate "2022.07.17"]
[EventType "swiss"]
[EventRounds "9"]
[EventCountry "ESP"]
[SourceTitle "CBM 209 Extra"]
[Source "ChessBase"]
[SourceDate "2022.09.30"]
[SourceVersion "1"]
[SourceVersionDate "2022.09.30"]
[SourceQuality "1"]

1. e4 e5 2. Nf3 Nc6 3. Bb5 a6 4. Ba4 Nf6 5. 0-0 Be7 6. d3 b5 7. Bb3 d6 8. a4 b4 9. a5 0-0 10. Nbd2 Be6 11. Nc4 h6 12. c3 Rb8 13. Bd2 Qc8 14. Re1 Qb7 15. Bc2 Nh7 16. Ne3 b3 17. Bb1 Qb5 18. d4 Nxa5 19. Bc1 Ng5 20. d5 Bc8 21. Nf5 Bxf5 22. exf5 c5 23. Nd2 c4 24. f4 Nh7 25. fxe5 dxe5 26. Rxe5 Bf6 27. Re1 Qxd5 28. Ne4 Rbd8 29. Qxd5 Rxd5 30. g4 Re8 31. Bf4 Be5 32. Be3 Bc7 33. Ra4 Red8 34. Bd4 Nc6 35. Rxc4 Nxd4 36. cxd4 Bb6 37. Kf1 Rxd4 38. Rxd4 Rxd4 39. Nc3 Rf4+ 40. Kg2 Nf6 41. h3 Rf2+ 42. Kh1 Rxb2 43. Na4 Ba5 44. Nxb2 Bxe1 45. Nd3 Nd5 46. Nxe1 Nc3 47. Bd3 b2 48. Kg2 a5 49. Nf3 a4 50. Nd2 a3 51. Bc4 b1Q 52. Nxb1 Nxb1 0-1

[Event "Euskadi-ch"]
[Site "Getxo"]
[Date "2022.04.21"]
[Round "4.2"]
[White "Barbazan Bilbao, Xabier"]
[Black "Ruiz Abad, Juan Manuel"]
[Result "0-1"]
[WhiteElo "2151"]
[BlackElo "2160"]
[PlyCount "94"]
[EventDate "2022.04.19"]
[EventType "swiss"]
[EventRounds "5"]
[EventCountry "ESP"]
[SourceTitle "EXT 2024"]
[Source "ChessBase"]
[SourceDate "2023.10.10"]
[SourceVersion "1"]
[SourceVersionDate "2023.10.10"]
[SourceQuality "1"]

1. g3 c5 2. Bg2 Nc6 3. Nf3 g6 4. 0-0 Bg7 5. c4 d6 6. Nc3 Nh6 7. a3 0-0 8. b4 Nf5 9. Rb1 Rb8 10. b5 Na5 11. Qa4 Bxc3 12. dxc3 Be6 13. e4 Ng7 14. Nd2 b6 15. Rd1 Qc8 16. Nb3 Nxc4 17. f4 a6 18. Bf1 axb5 19. Qxb5 Na5 20. Nd2 Qd7 21. Qe2 Bg4 22. Nf3 Qc6 23. h3 Be6 24. Bg2 Qa4 25. Bd2 Bc4 26. Qe3 Bb3 27. Rdc1 Bc2 28. Rxc2 Qxc2 29. Rc1 Qa2 30. f5 f6 31. fxg6 hxg6 32. Qh6 Kf7 33. Nh4 Rg8 34. Qxg6+ Kf8 35. Bh6 Qf7 36. Qg4 Ke8 37. e5 Qh5 38. Qa4+ b5 39. Qxa5 Qxh6 40. Re1 dxe5 41. Qc7 Rd8 42. Bc6+ Kf7 43. Qb7 Qg5 44. Bd5+ Rxd5 45. Qxd5+ Ne6 46. Ng2 Qxg3 47. Re3 Qxe3+ 0-1

[Event "Euskadi-ch"]
[Site "Getxo"]
[Date "2022.04.20"]
[Round "2.2"]
[White "Prieto Aranguren, Alain"]
[Black "Ruiz Abad, Juan Manuel"]
[Result "1/2-1/2"]
[WhiteElo "2262"]
[BlackElo "2160"]
[PlyCount "115"]
[EventDate "2022.04.19"]
[EventType "swiss"]
[EventRounds "5"]
[EventCountry "ESP"]
[SourceTitle "EXT 2024"]
[Source "ChessBase"]
[SourceDate "2023.10.10"]
[SourceVersion "1"]
[SourceVersionDate "2023.10.10"]
[SourceQuality "1"]

1. d4 Nf6 2. c4 g6 3. Nc3 d5 4. Nf3 Bg7 5. Qb3 dxc4 6. Qxc4 0-0 7. e4 a6 8. e5 b5 9. Qb3 Nfd7 10. e6 fxe6 11. Be3 Nf6 12. a4 b4 13. Qxb4 Nc6 14. Qa3 Qd6 15. Bc4 Nb4 16. Rc1 Bb7 17. Qb3 Bxf3 18. gxf3 Nfd5 19. Ne4 Qb6 20. Qd1 Rad8 21. h4 Nf4 22. Nc5 Nbd5 23. Qb3 Qc6 24. Qb7 Qxb7 25. Nxb7 Rb8 26. Bxf4 Rxf4 27. Nc5 Kf7 28. b3 a5 29. Nd7 Rd8 30. Bxd5 exd5 31. Ne5+ Bxe5 32. dxe5 Rxf3 33. Rxc7 Rxb3 34. Kd2 Ra3 35. h5 g5 36. Rb1 Rxa4 37. Rb6 Ra2+ 38. Ke3 d4+ 39. Kf3 Ra3+ 40. Ke4 Rh3 41. Rf6+ Kg8 42. Rxe7 Rxh5 43. Rd6 Rh4+ 44. Kf5 Rf8+ 45. Kxg5 Rhf4 46. Rf6 R8xf6 47. exf6 Rxf2 48. Rd7 Rg2+ 49. Kf5 Rf2+ 50. Ke6 Re2+ 51. Kf5 a4 52. Rxd4 a3 53. Ra4 a2 54. Ra8+ Kf7 55. Ra7+ Ke8 56. Ra8+ Kd7 57. f7 Rf2+ 58. Kg5 1/2-1/2

[Event "Basque-ch"]
[Site "Getxo"]
[Date "2019.04.26"]
[Round "5"]
[White "Basto Auzmendi, Mario"]
[Black "Ruiz Abad, Juan Manuel"]
[Result "1-0"]
[WhiteElo "1981"]
[BlackElo "2124"]
[PlyCount "85"]
[EventDate "2019.04.22"]
[EventType "swiss"]
[EventRounds "7"]
[EventCountry "ESP"]
[SourceTitle "CBM 190 Extra"]
[Source "ChessBase"]
[SourceDate "2019.07.15"]
[SourceVersion "1"]
[SourceVersionDate "2019.07.15"]
[SourceQuality "1"]

1. e4 c5 2. d4 cxd4 3. Nf3 Nc6 4. c3 Nf6 5. e5 Nd5 6. cxd4 d6 7. exd6 Qxd6 8. Nc3 Bg4 9. Be2 e6 10. 0-0 Be7 11. Ne4 Qd7 12. Nc5 Qc7 13. Be3 Nxe3 14. fxe3 Bxc5 15. dxc5 0-0 16. Rc1 Rad8 17. Qa4 Bxf3 18. Bxf3 Qe5 19. Qf4 Qxb2 20. Rb1 Qxa2 21. Rxb7 e5 22. Qg4 Rc8 23. Rd7 Qe6 24. Qxe6 fxe6 25. Rb1 Rf7 26. Bxc6 Rxc6 27. Rb8+ Rf8 28. Rbb7 Rf6 29. Rxg7+ Kf8 30. Rxh7 Kg8 31. Rbg7+ Kf8 32. Rxa7 Kg8 33. Rag7+ Kf8 34. Ra7 Kg8 35. Rhc7 Rxc7 36. Rxc7 e4 37. c6 e5 38. h4 Kf8 39. g4 Ke8 40. g5 Rf3 41. Rg7 Kd8 42. h5 Rxe3 43. h6 1-0

[Event "Basque-ch"]
[Site "Getxo"]
[Date "2019.04.25"]
[Round "4"]
[White "Ruiz Abad, Juan Manuel"]
[Black "Narciso Dublan, Marc"]
[Result "0-1"]
[WhiteElo "2124"]
[BlackElo "2491"]
[PlyCount "84"]
[EventDate "2019.04.22"]
[EventType "swiss"]
[EventRounds "7"]
[EventCountry "ESP"]
[SourceTitle "CBM 190 Extra"]
[Source "ChessBase"]
[SourceDate "2019.07.15"]
[SourceVersion "1"]
[SourceVersionDate "2019.07.15"]
[SourceQuality "1"]

1. e4 e5 2. Nf3 Nc6 3. Bb5 g6 4. 0-0 Bg7 5. c3 a6 6. Ba4 Nge7 7. d4 exd4 8. cxd4 b5 9. Bb3 d6 10. h3 0-0 11. Bg5 h6 12. Be3 Na5 13. Bc2 Nc4 14. Bc1 Bb7 15. a4 f5 16. Re1 Qd7 17. Nh4 fxe4 18. Bxe4 Bxe4 19. Rxe4 g5 20. Qg4 Qxg4 21. hxg4 gxh4 22. Rxe7 Bxd4 23. Be3 Bxe3 24. fxe3 b4 25. Rxc7 Nxe3 26. Nd2 Nxg4 27. Rc4 h5 28. Rxb4 Rab8 29. Rd4 Rxb2 30. Rd1 Ne3 31. Rc1 Nf5 32. Rd5 Ng3 33. Kh2 Rf6 34. Kh3 Rb4 35. Rc4 Rxc4 36. Nxc4 Rf4 37. Nb6 Nf5 38. Ra5 Rf1 39. g4 hxg3 40. Nd5 Kf7 41. Kg2 Rf2+ 42. Kg1 Nd4 0-1

[Event "Basque-ch"]
[Site "Getxo"]
[Date "2019.04.24"]
[Round "3"]
[White "Ruiz Abad, Juan Manuel"]
[Black "Martinez Fernandez, Adrian"]
[Result "1-0"]
[WhiteElo "2124"]
[BlackElo "2318"]
[PlyCount "111"]
[EventDate "2019.04.22"]
[EventType "swiss"]
[EventRounds "7"]
[EventCountry "ESP"]
[SourceTitle "CBM 190 Extra"]
[Source "ChessBase"]
[SourceDate "2019.07.15"]
[SourceVersion "1"]
[SourceVersionDate "2019.07.15"]
[SourceQuality "1"]

1. e4 c5 2. Nf3 d6 3. d4 cxd4 4. Nxd4 Nf6 5. Nc3 a6 6. Be3 Ng4 7. Bg5 h6 8. Bh4 g5 9. Bg3 Bg7 10. h3 Ne5 11. Nf5 Bxf5 12. exf5 Nbc6 13. Nd5 e6 14. fxe6 fxe6 15. Ne3 Qa5+ 16. c3 Nf3+ 17. Qxf3 Bxc3+ 18. Kd1 Qa4+ 19. Nc2 Bxb2 20. Rc1 Bxc1 21. Qf6 Kd7 22. Kxc1 Rac8 23. Qg7+ Ne7 24. Bd3 Qa3+ 25. Kd2 Qa5+ 26. Kd1 Qxa2 27. Re1 Rhg8 28. Qf6 Rge8 29. Qxh6 Nd5 30. Bf5 Nc3+ 31. Kc1 Nb5 32. Qf6 Rc5 33. Bg6 Re7 34. Rd1 Rd5 35. Rxd5 Qxd5 36. f3 Qc5 37. Be1 b6 38. Bd2 d5 39. Bxg5 a5 40. Qxe7+ Qxe7 41. Bxe7 Kxe7 42. h4 Kf6 43. Bd3 Nd6 44. g4 Nf7 45. f4 e5 46. g5+ Kg7 47. f5 Nd6 48. Ne3 e4 49. Be2 d4 50. f6+ Kh7 51. Nc4 Nf5 52. h5 Nh4 53. Ne5 d3 54. g6+ Kg8 55. f7+ Kg7 56. h6+ 1-0

[Event "Euskadi-chT (Vasca) Div 1st"]
[Site "Bergara"]
[Date "2018.01.13"]
[Round "1.1"]
[White "Juez Villar, Erik"]
[Black "Ruiz Abad, Juan Manuel"]
[Result "0-1"]
[WhiteElo "1959"]
[BlackElo "2087"]
[PlyCount "47"]
[EventDate "2018.01.13"]
[EventType "team-tourn"]
[EventRounds "9"]
[EventCountry "ESP"]
[SourceTitle "EXT 2020"]
[Source "ChessBase"]
[SourceDate "2019.10.17"]
[SourceVersion "1"]
[SourceVersionDate "2019.10.17"]
[SourceQuality "1"]
[WhiteTeam "Zarautz"]
[BlackTeam "Portugalete"]
[WhiteTeamCountry "ESP"]
[BlackTeamCountry "ESP"]

1. d4 Nf6 2. c4 g6 3. Nc3 d5 4. cxd5 Nxd5 5. e4 Nxc3 6. bxc3 Bg7 7. Bc4 c5 8. Ne2 0-0 9. 0-0 Nc6 10. Be3 Bg4 11. f3 cxd4 12. cxd4 Na5 13. Bd3 Be6 14. d5 Bxa1 15. Qxa1 f6 16. Kh1 Re8 17. Qb1 Bc8 18. e5 Kg7 19. Nf4 fxe5 20. Bxg6 exf4 21. Bxh7 e5 22. Qg6+ Kh8 23. Bg8 Re7 24. Bc5 0-1

[Event "Euskadi-chT (Vasca) Div Honor"]
[Site "Bergara"]
[Date "2017.02.04"]
[Round "4.4"]
[White "Barbazan Bilbao, Xabier"]
[Black "Ruiz Abad, Juan Manuel"]
[Result "0-1"]
[WhiteElo "2028"]
[BlackElo "2097"]
[PlyCount "80"]
[EventDate "2017.01.14"]
[EventType "team-tourn"]
[EventRounds "9"]
[EventCountry "ESP"]
[SourceTitle "EXT 2024"]
[Source "ChessBase"]
[SourceDate "2023.10.10"]
[SourceVersion "1"]
[SourceVersionDate "2023.10.10"]
[SourceQuality "1"]

1. e4 c5 2. Nf3 Nc6 3. d4 cxd4 4. Nxd4 e5 5. Nb5 d6 6. N1c3 a6 7. Na3 b5 8. Nd5 Nge7 9. Bg5 h6 10. Bxb5 axb5 11. Nxb5 Ra7 12. Nxa7 Nxa7 13. Be3 Nxd5 14. Qxd5 Qc7 15. 0-0 Be7 16. a4 0-0 17. b4 Be6 18. Qd2 Qb7 19. Rfb1 Nc8 20. b5 d5 21. exd5 Bxd5 22. f3 Nd6 23. Bf2 e4 24. a5 Nc4 25. Qe1 Bf6 26. a6 Qd7 27. c3 e3 28. Bg3 Nd2 29. Qxe3 Nxb1 30. Rxb1 Ba2 31. Rb2 Re8 32. Qc1 Bc4 33. b6 Bxc3 34. Qxc3 Qd1+ 35. Be1 Rxe1+ 36. Kf2 Rf1+ 37. Kg3 Qd6+ 38. Kh3 Bxa6 39. Qb3 Rh1 40. g4 Bf1+ 0-1

[Event "Euskadi-chT (Vasca) Div Honor"]
[Site "Bergara"]
[Date "2017.01.21"]
[Round "2.3"]
[White "Fernandez Hernandez, Gerardo"]
[Black "Ruiz Abad, Juan Manuel"]
[Result "1-0"]
[WhiteElo "2175"]
[BlackElo "2097"]
[PlyCount "131"]
[EventDate "2017.01.14"]
[EventType "team-tourn"]
[EventRounds "9"]
[EventCountry "ESP"]
[SourceTitle "EXT 2024"]
[Source "ChessBase"]
[SourceDate "2023.10.10"]
[SourceVersion "1"]
[SourceVersionDate "2023.10.10"]
[SourceQuality "1"]

1. e4 c5 2. d3 Nc6 3. g3 d5 4. Nd2 Nf6 5. Bg2 e5 6. Ngf3 Be7 7. 0-0 0-0 8. exd5 Nxd5 9. Nc4 f6 10. c3 Be6 11. Re1 Qd7 12. Qe2 Nc7 13. Nh4 b5 14. Ne3 f5 15. Qf3 e4 16. dxe4 Ne5 17. Qd1 Bxh4 18. exf5 Bxf5 19. Qxd7 Bxd7 20. Nd5 Rae8 21. Bf4 Nd3 22. Red1 Nxf4 23. Nxc7 Bg4 24. Nxe8 Bxd1 25. Rxd1 Nxg2 26. gxh4 Nxh4 27. Nc7 Nf3+ 28. Kg2 Ne5 29. Ne6 Rf5 30. Nxc5 Rg5+ 31. Kf1 Nf3 32. Rd8+ Kf7 33. Ne4 Nxh2+ 34. Ke2 Re5 35. f3 g5 36. Rd7+ Kg6 37. Rd6+ Kh5 38. Kf2 g4 39. Nf6+ Kh4 40. Nxg4 Nxg4+ 41. fxg4 Kxg4 42. Rd4+ Kg5 43. Rd7 Rf5+ 44. Kg3 h5 45. Rg7+ Kf6 46. Rxa7 Re5 47. a4 bxa4 48. Rxa4 Re2 49. Rb4 Ke5 50. Rb5+ Ke4 51. c4 Rc2 52. b3 Kd4 53. Kh4 Rh2+ 54. Kg3 Rc2 55. Rb8 Rc3+ 56. Kh4 Kc5 57. Kxh5 Rg3 58. Rb5+ Kd4 59. c5 Kd5 60. b4 Rg2 61. Rb6 Rg7 62. c6 Kd6 63. b5 Ra7 64. Rb8 Kc7 65. Rg8 Kb6 66. Rg5 1-0

[Event "Euskadi-chT (Vasca) Div Honor"]
[Site "Bergara"]
[Date "2015.01.24"]
[Round "3.2"]
[White "Ruiz Abad, Juan Manuel"]
[Black "Martiarena Lizarribar, Eneko"]
[Result "1-0"]
[WhiteElo "2104"]
[BlackElo "1930"]
[PlyCount "63"]
[EventDate "2015.01.10"]
[EventType "team-tourn"]
[EventRounds "9"]
[EventCountry "ESP"]
[SourceTitle "EXT 2024"]
[Source "ChessBase"]
[SourceDate "2023.10.10"]
[SourceVersion "1"]
[SourceVersionDate "2023.10.10"]
[SourceQuality "1"]

1. e4 e5 2. Nf3 Nc6 3. Bb5 Nf6 4. Qe2 Be7 5. c3 d6 6. d4 Bd7 7. 0-0 0-0 8. h3 a6 9. Bc4 exd4 10. cxd4 d5 11. exd5 Nb4 12. Nc3 b5 13. Bb3 Bf5 14. Ne5 Qd6 15. Bf4 Nbxd5 16. Bh2 Nxc3 17. bxc3 Qa3 18. g4 Be6 19. Bxe6 fxe6 20. g5 Nd5 21. Nc6 Nxc3 22. Qxe6+ Rf7 23. Rae1 Bd6 24. Re3 Qxa2 25. Qxa2 Nxa2 26. Bxd6 cxd6 27. Ra1 Rc7 28. d5 Rxc6 29. dxc6 Nb4 30. c7 Nd5 31. Rxa6 Rc8 32. Rxd6 1-0

[Event "Euskadi-ch U18"]
[Site "Eibar"]
[Date "2013.04.02"]
[Round "1"]
[White "Ruiz Abad, Juan Manuel"]
[Black "Jauregi Barandiaran, Jon"]
[Result "1-0"]
[WhiteElo "2033"]
[BlackElo "1603"]
[PlyCount "67"]
[EventDate "2013.04.02"]
[EventType "swiss"]
[EventRounds "7"]
[EventCountry "ESP"]
[SourceTitle "EXT 2015"]
[Source "ChessBase"]
[SourceDate "2014.11.20"]
[SourceVersion "1"]
[SourceVersionDate "2014.11.20"]
[SourceQuality "1"]

1. e4 d6 2. d4 Nf6 3. f3 e5 4. Be3 Nbd7 5. Nc3 Be7 6. Nge2 c6 7. g4 h6 8. Qd2 b5 9. Ng3 Nb6 10. 0-0-0 Nh7 11. Nf5 Bxf5 12. gxf5 b4 13. Nb1 a5 14. dxe5 dxe5 15. Qxd8+ Bxd8 16. Rxd8+ Rxd8 17. Bxb6 Ra8 18. Bc5 Nf6 19. Rg1 Rg8 20. Bd6 Nd7 21. Nd2 Ra7 22. Nc4 f6 23. f4 exf4 24. Bxf4 Ke7 25. Bxh6 Kf8 26. Bf4 Rh8 27. Bd6+ Kf7 28. e5 fxe5 29. Nxe5+ Nxe5 30. Bxe5 Rh7 31. Bc4+ Kf8 32. f6 gxf6 33. Bxf6 Ke8 34. Be6 1-0

[Event "Mondragon Arrasate Hiria op 12th"]
[Site "Mondragon"]
[Date "2012.10.19"]
[Round "6"]
[White "Prieto Aranguren, Alain"]
[Black "Ruiz Abad, Juan Manuel"]
[Result "1/2-1/2"]
[WhiteElo "2231"]
[BlackElo "2041"]
[PlyCount "96"]
[EventDate "2012.09.14"]
[EventType "swiss"]
[EventRounds "6"]
[EventCountry "ESP"]
[SourceTitle "EXT 2013"]
[Source "ChessBase"]
[SourceDate "2012.11.22"]
[SourceVersion "1"]
[SourceVersionDate "2012.11.22"]
[SourceQuality "1"]

1. g3 c5 2. Bg2 Nc6 3. Nf3 g6 4. 0-0 Bg7 5. c4 Nf6 6. Nc3 0-0 7. d4 cxd4 8. Nxd4 Nxd4 9. Qxd4 d6 10. Qd2 Rb8 11. b3 a6 12. Bb2 b5 13. cxb5 axb5 14. Rfc1 Qb6 15. Nd5 Nxd5 16. Bxg7 Kxg7 17. Bxd5 Bb7 18. Bxb7 Rxb7 19. a4 bxa4 20. bxa4 Ra8 21. Qc3+ Kg8 22. a5 Qb5 23. Qe3 Rba7 24. a6 Rxa6 25. Rxa6 Qxa6 26. Qxe7 d5 27. Rc7 Qe6 28. Qxe6 fxe6 29. Re7 Ra6 30. Kg2 h5 31. f4 Kf8 32. Rd7 Ra8 33. Kf3 Ra3+ 34. Kf2 Ra8 35. h3 Ra3 36. Rh7 Rb3 37. e3 Rb2+ 38. Kf3 Rb3 39. Rd7 Ke8 40. Rg7 d4 41. Rxg6 Rxe3+ 42. Kf2 h4 43. gxh4 Kf7 44. Rg3 e5 45. fxe5 Rxg3 46. Kxg3 Ke6 47. Kf4 d3 48. Ke3 Kxe5 1/2-1/2

[Event "Mondragon Arrasate Hiria op 12th"]
[Site "Mondragon"]
[Date "2012.10.12"]
[Round "5"]
[White "Ruiz Abad, Juan Manuel"]
[Black "Miguel Quintero, Antonio"]
[Result "0-1"]
[WhiteElo "2041"]
[BlackElo "2164"]
[PlyCount "152"]
[EventDate "2012.09.14"]
[EventType "swiss"]
[EventRounds "6"]
[EventCountry "ESP"]
[SourceTitle "EXT 2013"]
[Source "ChessBase"]
[SourceDate "2012.11.22"]
[SourceVersion "1"]
[SourceVersionDate "2012.11.22"]
[SourceQuality "1"]

1. e4 e5 2. Nf3 Nf6 3. Nxe5 d6 4. Nf3 Nxe4 5. d4 d5 6. Bd3 Be7 7. 0-0 0-0 8. c4 Nf6 9. Ne5 Nbd7 10. Nc3 dxc4 11. Nxc4 Nb6 12. Nxb6 axb6 13. Bf4 c6 14. Re1 Be6 15. Bc2 b5 16. Qd3 g6 17. Rxe6 fxe6 18. Qh3 Qd7 19. Re1 b4 20. Bb3 Kh8 21. Ne4 Nxe4 22. Rxe4 Bf6 23. Bxe6 Qd8 24. Qg3 Re8 25. Bc7 Qe7 26. Bd6 Qg7 27. Bxb4 Rad8 28. Bc3 Bxd4 29. Rxd4 Rxd4 30. Bb3 Red8 31. h3 c5 32. Qe3 b5 33. Qe6 b4 34. Bxd4 Qxd4 35. Qe2 c4 36. Qxc4 Qxc4 37. Bxc4 Rd1+ 38. Kh2 Rd2 39. a3 Rc2 40. Bd5 Rxf2 41. axb4 Rxb2 42. Ba8 Rxb4 43. Bf3 Kg7 44. Bd5 Kf6 45. Bf3 Kf5 46. Kg3 Rb2 47. Bc6 g5 48. Bf3 Rb3 49. Kh2 Kf4 50. Bg4 Rb2 51. Bh5 h6 52. Bg4 Rb8 53. Bf3 Kf5 54. Bh5 Rb3 55. Bf7 Rc3 56. Bh5 Re3 57. Bd1 Re1 58. Bh5 Kf4 59. Bg4 Ke3 60. Kg3 Ra1 61. Bf3 Ra4 62. Bd1 Rf4 63. Bh5 Ke4 64. Bg4 Ke5 65. Bh5 Kf6 66. Be8 Re4 67. Bh5 Rh4 68. Be8 Re4 69. Bh5 Re3+ 70. Kf2 Ra3 71. Bf3 Ke5 72. Kg3 h5 73. Kf2 h4 74. Bg4 Kf4 75. Bf3 Ra2+ 76. Be2 Rb2 0-1

[Event "Euskadi-ch"]
[Site "Zornotza"]
[Date "2012.04.10"]
[Round "2"]
[White "Ladron de Guevara Galar, Francisco Javier"]
[Black "Ruiz Abad, Juan Manuel"]
[Result "0-1"]
[WhiteElo "2139"]
[BlackElo "1980"]
[PlyCount "100"]
[EventDate "2012.04.09"]
[EventType "swiss"]
[EventRounds "7"]
[EventCountry "ESP"]
[SourceTitle "CBM 147 Extra"]
[Source "ChessBase"]
[SourceDate "2012.04.24"]
[SourceVersion "1"]
[SourceVersionDate "2012.04.24"]
[SourceQuality "1"]

1. d4 Nf6 2. c4 c5 3. d5 b5 4. Nd2 bxc4 5. e4 c3 6. bxc3 d6 7. Bd3 g6 8. Ne2 Bg7 9. Qa4+ Nfd7 10. f4 0-0 11. Rb1 Nb6 12. Qa5 e6 13. c4 exd5 14. cxd5 f5 15. 0-0 fxe4 16. Nxe4 Kh8 17. Ng5 Qc7 18. Qe1 c4 19. Bxg6 h6 20. Ne6 Bxe6 21. dxe6 Nc6 22. Bb2 Bxb2 23. Rxb2 Qg7 24. Qc3 Rf6 25. f5 Ne5 26. Qa5 Nxg6 27. Rxb6 Nh4 28. Qd5 Rg8 29. Rb2 Nxg2 30. Ng3 Ne3 31. Qb7 Nxf1 32. Qxg7+ Rxg7 33. Kxf1 Rxg3 34. hxg3 Rxf5+ 35. Kg2 Re5 36. Rd2 Rxe6 37. Rd4 Re2+ 38. Kf3 Rxa2 39. Rxc4 Ra3+ 40. Kf4 a5 41. Rd4 Kg7 42. Rxd6 a4 43. Ra6 Ra1 44. Ra7+ Kf8 45. Ra6 a3 46. Ra7 Ke8 47. Kg4 a2 48. Ra3 Ke7 49. Ra6 h5+ 50. Kg5 h4 0-1

[Event "Arrasate Hiria op 11th"]
[Site "Arrasate"]
[Date "2011.11.18"]
[Round "6.2"]
[White "Argandona Riveiro, Inigo"]
[Black "Ruiz Abad, Juan Manuel"]
[Result "1-0"]
[WhiteElo "2387"]
[BlackElo "1876"]
[PlyCount "67"]
[EventDate "2011.10.14"]
[EventType "swiss"]
[EventRounds "6"]
[EventCountry "ESP"]
[SourceTitle "EXT 2024"]
[Source "ChessBase"]
[SourceDate "2023.10.10"]
[SourceVersion "1"]
[SourceVersionDate "2023.10.10"]
[SourceQuality "1"]

1. c4 Nf6 2. Nc3 c5 3. Nf3 Nc6 4. d4 cxd4 5. Nxd4 g6 6. e4 d6 7. Be2 Nxd4 8. Qxd4 Bg7 9. Bg5 Qa5 10. Qd2 0-0 11. 0-0 Be6 12. Rad1 Rfc8 13. b3 a6 14. Bxf6 exf6 15. Na4 Qxd2 16. Rxd2 Rc6 17. Bf3 Bf8 18. e5 fxe5 19. Bxc6 bxc6 20. Rfd1 Kg7 21. Rxd6 Bxd6 22. Rxd6 Ra7 23. Nc5 Kf6 24. Rxc6 a5 25. Kf1 Ke7 26. Nxe6 fxe6 27. Ke2 a4 28. b4 a3 29. c5 Rd7 30. b5 Rd4 31. Rc7+ Kd8 32. b6 Rb4 33. Rxh7 Rb5 34. b7 1-0

[Event "Gipuzkoa-ch"]
[Site "San Sebastian"]
[Date "2011.11.12"]
[Round "6"]
[White "Martin Alvarez, Inigo"]
[Black "Ruiz Abad, Juan Manuel"]
[Result "1-0"]
[WhiteElo "2316"]
[BlackElo "1876"]
[PlyCount "57"]
[EventDate "2011.10.08"]
[EventType "swiss"]
[EventRounds "7"]
[EventCountry "ESP"]
[SourceTitle "EXT 2024"]
[Source "ChessBase"]
[SourceDate "2023.10.10"]
[SourceVersion "1"]
[SourceVersionDate "2023.10.10"]
[SourceQuality "1"]

1. e4 c5 2. Nf3 Nc6 3. d4 cxd4 4. Nxd4 Nf6 5. Nc3 e5 6. Ndb5 d6 7. Bg5 a6 8. Na3 b5 9. Bxf6 gxf6 10. Nd5 f5 11. Bd3 Be6 12. 0-0 Bxd5 13. exd5 Ne7 14. Re1 Bg7 15. c3 e4 16. Bf1 Qc8 17. f3 e3 18. Qd3 f4 19. Kh1 Be5 20. Nc2 Qb7 21. Rad1 Rc8 22. g3 Rc5 23. gxf4 Rxd5 24. Qxe3 Bf6 25. Rxd5 Qxd5 26. Nb4 Qb7 27. Qe4 Qd7 28. Nd5 Bh4 29. f5 1-0

[Event "Arrasate Hiria op 11th"]
[Site "Arrasate"]
[Date "2011.11.11"]
[Round "5.4"]
[White "Ruiz Abad, Juan Manuel"]
[Black "Ruiz Martinez, Isidro"]
[Result "1/2-1/2"]
[WhiteElo "1876"]
[BlackElo "2014"]
[PlyCount "20"]
[EventDate "2011.10.14"]
[EventType "swiss"]
[EventRounds "6"]
[EventCountry "ESP"]
[SourceTitle "EXT 2024"]
[Source "ChessBase"]
[SourceDate "2023.10.10"]
[SourceVersion "1"]
[SourceVersionDate "2023.10.10"]
[SourceQuality "1"]

1. e4 e5 2. Nf3 Nc6 3. Bb5 a6 4. Bxc6 dxc6 5. 0-0 Qd6 6. Na3 Be6 7. d3 0-0-0 8. Qe2 f6 9. Bd2 g6 10. Nc4 Bxc4 1/2-1/2

[Event "Arrasate Hiria op 11th"]
[Site "Arrasate"]
[Date "2011.10.28"]
[Round "3.7"]
[White "Ruiz Abad, Juan Manuel"]
[Black "Uriarte Gabikagogeaskoa, Agustin"]
[Result "1-0"]
[WhiteElo "1876"]
[BlackElo "601"]
[PlyCount "39"]
[EventDate "2011.10.14"]
[EventType "swiss"]
[EventRounds "6"]
[EventCountry "ESP"]
[SourceTitle "EXT 2024"]
[Source "ChessBase"]
[SourceDate "2023.10.10"]
[SourceVersion "1"]
[SourceVersionDate "2023.10.10"]
[SourceQuality "1"]

1. e4 e5 2. Nf3 Nf6 3. Nxe5 Bc5 4. d4 Bb6 5. Nc3 c6 6. Bg5 0-0 7. Be2 d6 8. Nc4 Bc7 9. 0-0 Be6 10. d5 Bd7 11. dxc6 Nxc6 12. Nd5 b5 13. Bxf6 gxf6 14. Nxc7 Qxc7 15. Qxd6 Qd8 16. Ne3 Ne5 17. Nd5 Rc8 18. Nxf6+ Kh8 19. Qxe5 Qc7 20. Nxd7+ 1-0

[Event "Gipuzkoa-ch"]
[Site "San Sebastian"]
[Date "2011.10.22"]
[Round "3"]
[White "Ros Eskisabel, Jose Ramon"]
[Black "Ruiz Abad, Juan Manuel"]
[Result "0-1"]
[WhiteElo "2132"]
[BlackElo "1876"]
[PlyCount "78"]
[EventDate "2011.10.08"]
[EventType "swiss"]
[EventRounds "7"]
[EventCountry "ESP"]
[SourceTitle "EXT 2024"]
[Source "ChessBase"]
[SourceDate "2023.10.10"]
[SourceVersion "1"]
[SourceVersionDate "2023.10.10"]
[SourceQuality "1"]

1. e4 c5 2. Nf3 Nc6 3. d4 cxd4 4. Nxd4 Nf6 5. Nc3 e5 6. Ndb5 d6 7. Bg5 a6 8. Na3 b5 9. Bxf6 gxf6 10. Nd5 f5 11. Bd3 Be6 12. 0-0 Bxd5 13. exd5 Ne7 14. c3 Bg7 15. Nc2 e4 16. Be2 Rb8 17. Qd2 0-0 18. Rfd1 Kh8 19. Nd4 Qc8 20. Qg5 Qd7 21. Kh1 Be5 22. Qh5 f4 23. f3 Nxd5 24. fxe4 Ne3 25. Rd3 b4 26. Nb3 f5 27. Bf3 bxc3 28. bxc3 Qb5 29. Be2 Qb7 30. Rxe3 fxe3 31. exf5 Qe4 32. Rf1 Bxc3 33. Nc1 Rb2 34. Qh6 Rg8 35. Qh3 Qe7 36. Qf3 Bf6 37. g3 Qb7 38. Bc4 Rc8 39. Bb3 Rb1 0-1

[Event "Gipuzkoa-ch"]
[Site "San Sebastian"]
[Date "2011.10.15"]
[Round "2"]
[White "Ruiz Abad, Juan Manuel"]
[Black "Uriarte Prieto, Goyo"]
[Result "1/2-1/2"]
[WhiteElo "1876"]
[BlackElo "2017"]
[PlyCount "78"]
[EventDate "2011.10.08"]
[EventType "swiss"]
[EventRounds "7"]
[EventCountry "ESP"]
[SourceTitle "EXT 2024"]
[Source "ChessBase"]
[SourceDate "2023.10.10"]
[SourceVersion "1"]
[SourceVersionDate "2023.10.10"]
[SourceQuality "1"]

1. e4 e5 2. Nf3 Nc6 3. Bb5 f5 4. Nc3 fxe4 5. Nxe4 Nf6 6. Qe2 Be7 7. Bxc6 dxc6 8. Nxe5 0-0 9. 0-0 Bf5 10. d3 Bd6 11. Ng3 Nd5 12. c4 Nb4 13. Nxf5 Rxf5 14. Nf3 Qd7 15. d4 Re8 16. Be3 Nc2 17. Rad1 Nxe3 18. fxe3 Qe6 19. Rde1 Bb4 20. d5 cxd5 21. Nd4 Rxf1+ 22. Rxf1 Qxe3+ 23. Qxe3 Rxe3 24. Nc2 Bc5 25. Nxe3 Bxe3+ 26. Kh1 dxc4 27. Rd1 b5 28. g4 b4 29. Kg2 c5 30. Kf3 Bd4 31. Rd2 a5 32. Ke4 a4 33. Kd5 c3 34. bxc3 Bxc3 35. Rf2 Bd4 36. Rf3 b3 37. a3 Bb2 38. Kxc5 Bxa3+ 39. Kb5 Bc1 1/2-1/2